| 000 | 00788nam a2200253 a 4500 | ||
|---|---|---|---|
| 005 | 20260204064124.0 | ||
| 008 | 060519s2005 mx r 000 0 spa d | ||
| 020 | _a9688536148 | ||
| 035 | _aUPN01000144538 | ||
| 040 |
_aUPN _bspa _cUPN |
||
| 049 | _aCG | ||
| 050 | 4 |
_aPN6071 S2.7 _bH3.2 |
|
| 245 | 0 | 0 |
_aHabía una vez una escuela ... : _blos años del colegio en la literatura / _cYsabel Gracida y Carlos Lomas, compiladores. |
| 250 | _a1a ed. | ||
| 260 |
_aMéxico : _bPaidós, _c2005. |
||
| 300 | _a202 p. | ||
| 440 | 0 |
_aPaidós croma ; _v32 |
|
| 650 | 4 |
_aEstudiantes _vColecciones literarias _93102 |
|
| 650 | 4 |
_aEducación _vColecciones _97286 |
|
| 700 | 1 |
_aGracida, Ysabel, _ecomp. |
|
| 700 | 1 |
_aLomas, Carlos, _d1956- _ecomp. _929048 |
|
| 905 | _aLibro | ||
| 942 |
_2lcc _cLIBRO |
||
| 999 |
_c116685 _d116685 |
||